00621nam a2200217Ia 450000500170000000800410001702000240005804000190008204100120010108200150011310000160012824500920014426000450023630000110028150400400029263000130033265000190034565100110036470000180037585000100039320220706100400.0131103s9999 xx 000 0 und d a8171020461cRs. 400 aLoreto College aEnglish a305.5bGHO aGhosh, G.K. aLegends of origin of the castes and tribes of Eastern IndiacG.K.Ghosh and Shukla Ghosh aKolkatabFirma KLM Private Limitedc2000 a230p,  aIncludes bibliographical references aTribes  aSocial Classes aCastes aGhosh, Shukla aLCLIB